000 00735nam a22002057a 4500
999 _c13582
_d13582
003 AR-CdUCM
008 190415b ||||| |||| 00| 0 spa d
040 _aMUNICIPALIDAD PROVINCIAL DEL CUSCO
_cBIBLIOTECA MUNICIPAL DEL CUSCO
082 _a300.3 /
_bSE42
100 _aSérgio Pinheiro, Paulo
_932048
245 _aInforme Mundial Sobre la Violencia Contra los Niños y Niñas /
260 _aGinebra-Suiza :
_bAtar Roto Presse SA ;
300 _a364 páginas ;
_c26cm
505 _aContenido: Informe
650 _aViolencia
_931761
650 _aNiñez
_92986
710 _aEstudio del Secretario General de las Naciones Unidas sobre la Violencia contra los Niños.
_932049
942 _2ddc
_cLIBROS
945 _anom
_d2019-04-15